大分県の市町村 (2000年) - Statistics

General Stats
  • This quiz has been taken 48 times
    36 since last reset
  • The average score is 41 of 58
Answers on the Map
Answers color-coded by a green-red scale on the quiz's map according to % correct below.
 
Answer Stats
ヒント 市町村名 % Correct
大分市おおいたし
100%
別府市べっぷし
100%
中津市なかつし
100%
日田市ひたし
100%
臼杵市うすきし
100%
津久見市つくみし
100%
杵築市きつきし
100%
宇佐市うさし
100%
東国東郡 国東町くにさきまち
100%
速見郡 日出町ひじまち
100%
大分郡 湯布院町ゆふいんちょう
100%
大野郡 大野町おおのまち
100%
佐伯市さいきし
95%
竹田市たけたし
95%
玖珠郡 九重町ここのえまち
95%
玖珠郡 玖珠町くすまち
95%
東国東郡 姫島村ひめしまむら
90%
北海部郡 佐賀関町さがのせきまち
90%
日田郡 中津江村なかつえむら
90%
下毛郡 耶馬溪町やばけいまち
90%
豊後高田市ぶんごたかだし
81%
日田郡 上津江村かみつえむら
81%
大野郡 犬飼町いぬかいまち
76%
宇佐郡 安心院町あじむまち
76%
南海部郡 宇目町うめまち
71%
大野郡 三重町みえまち
71%
直入郡 久住町くじゅうまち
71%
日田郡 前津江村まえつえむら
71%
速見郡 山香町やまがまち
67%
直入郡 荻町おぎまち
67%
下毛郡 本耶馬渓町ほんやばけいまち
67%
大分郡 野津原町のつはるまち
62%
南海部郡 米水津村よのうづむら
62%
大野郡 野津町のつまち
62%
東国東郡 国見町くにみちょう
57%
東国東郡 安岐町あきまち
57%
大分郡 庄内町しょうないちょう
57%
南海部郡 直川村なおかわそん
57%
南海部郡 蒲江町かまえちょう
57%
直入郡 直入町なおいりまち
57%
下毛郡 三光村さんこうむら
57%
宇佐郡 院内町いんないまち
57%
西国東郡 大田村おおたむら
52%
西国東郡 真玉町またままち
52%
東国東郡 武蔵町むさしまち
52%
大野郡 清川村きよかわむら
52%
大野郡 緒方町おがたまち
52%
日田郡 大山町おおやままち
52%
日田郡 天瀬町あまがせまち
52%
下毛郡 山国町やまくにまち
52%
南海部郡 本匠村ほんじょうむら
48%
南海部郡 鶴見町つるみまち
38%
大野郡 朝地町あさじまち
38%
西国東郡 香々地町かかぢちょう
33%
大分郡 挾間町はさままち
33%
大野郡 千歳村ちとせむら
33%
南海部郡 上浦町かみうらまち
29%
南海部郡 弥生町やよいまち
29%
No matching quizzes found
Score Distribution
Percent of People with Each Score
Percentile by Number Answered
Your Score History
You have not taken this quiz since the last reset